000 00941nam a2200253Ia 4500
008 130821s2011 xxua gr spa
020 _a978 1 934387 08 5
040 _aCo-BoUCM
_bspa
041 0 0 _aspa
245 0 0 _aEmbarazo no deseado y aborto inducido en Colombia causas y consecuencias
_cElena Prada, Susheela Singh, Lisa Remez, Cristina Villarreal
260 _aNueva York (Estados Unidos)
_bGuttmacher Institute
_c2011
300 _a36 páginas
_bilustraciones
650 _aAborto
_zColombia
_98259
650 _aEmbarazo en adolescentes
_914007
650 _aEmbarazo
_vAspectos sociales
_914001
650 _aEmbarazo
_xAspectos psicológicos
_914001
650 _aSociología
_9386
700 1 _aPrada, Elena
_9169694
700 1 _aRemez, Lisa
_9169695
700 1 _aSingh, Susheela
_9131708
700 1 _aVillarreal, Cristina
_9122449
942 _cLIBRO
_a5
_e1
_mE531
_2DEWEY
_h363.46
999 _c77331
_d77331